Online
Catalog

Hipócrates y la nosología hipocrática / (Record no. 6428)

MARC details
000 -CABECERA
campo de control de longitud fija 00887cam a2200289 a 4500
001 - NÚMERO DE CONTROL
campo de control 000006638
005 - FECHA Y HORA DE LA ÚLTIMA TRANSACCIÓN
campo de control 20200929153949.0
008 - DATOS DE LONGITUD FIJA--INFORMACIÓN GENERAL
campo de control de longitud fija 730613s1973 sp a 000 0 spa d
020 ## - NÚMERO INTERNACIONAL ESTÁNDAR DEL LIBRO
Número Internacional Estándar del Libro 8434439271
035 ## - NÚMERO DE CONTROL DEL SISTEMA
Número de control de sistema (DLC) 73332529
035 ## - NÚMERO DE CONTROL DEL SISTEMA
Número de control de sistema (OCoLC)1646677
040 ## - FUENTE DE LA CATALOGACIÓN
Centro catalogador/agencia de origen DO-SdBNP
Centro/agencia transcriptor DNLM
Centro/agencia modificador NmU
-- DCHS
-- DLC
-- BNPHU
042 ## - CÓDIGO DE AUTENTICACIÓN
Código de autenticación premarc
082 ## - NÚMERO DE LA CLASIFICACIÓN DECIMAL DEWEY
Número de clasificación 925.38
Número de documento/Ítem V794H
049 ## - FONDOS LOCALES (OCLC)
Fondos de biblioteca BNGR
100 1# - ENTRADA PRINCIPAL--NOMBRE DE PERSONA
Nombre de persona Vintró, Eulalia.
Fechas asociadas al nombre 1945-
9 (RLIN) 18436
245 10 - MENCIÓN DE TÍTULO
Título Hipócrates y la nosología hipocrática /
Mención de responsabilidad, etc. Eulalia Vintró.
260 ## - PUBLICACIÓN, DISTRIBUCIÓN, ETC.
Lugar de publicación, distribución, etc. Barcelona :
Nombre del editor, distribuidor, etc. Ariel,
Fecha de publicación, distribución, etc. [1973].
300 ## - DESCRIPCIÓN FÍSICA
Extensión 293 p. :
Otras características físicas il. ;
Dimensiones 23 cm.
490 1# - MENCIÓN DE SERIE
Mención de serie Convivium
Designación de volumen o secuencia 14
504 ## - NOTA DE BIBLIOGRAFÍA, ETC.
Nota de bibliografía, etc. Bibliografía : [p. 285-293]
600 14 - PUNTO DE ACCESO ADICIONAL DE MATERIA--NOMBRE DE PERSONA
Nombre de persona HIPÓCRATES
Fechas asociadas al nombre 460 a. C.- 370 a. C.
Subdivisión general BIOGRAFÍA
9 (RLIN) 18437
650 #4 - PUNTO DE ACCESO ADICIONAL DE MATERIA--TÉRMINO DE MATERIA
Término de materia o nombre geográfico como elemento de entrada Nosología
9 (RLIN) 18438
650 #4 - PUNTO DE ACCESO ADICIONAL DE MATERIA--TÉRMINO DE MATERIA
Término de materia o nombre geográfico como elemento de entrada Literatura griega
9 (RLIN) 2386
830 #0 - PUNTO DE ACCESO ADICIONAL DE SERIE-TÍTULO UNIFORME
Título uniforme Convivium ;
Designación de volumen o secuencia 14
9 (RLIN) 18439
910 ## - DATOS DE OPCIÓN DEL USUARIO (OCLC)
Datos de opción del usuario Catalogación por copia / LC
Holdings
Estado de retiro Estado de pérdida Restricciones de uso No para préstamo Código de colección Localización permanente Ubicación/localización actual Ubicación en estantería Fecha de adquisición Número de inventario Total de préstamos Signatura topográfica completa Código de barras Fecha visto por última vez Precio válido a partir de Tipo de ítem Koha
    Préstamo interno   Monografías: Libros y Folletos General General En catalogación 01.09.2009 LF1   925.38 V794H 6638-10 25.06.2020 25.06.2020 Préstamo interno

Powered by Koha